[Event "Women's Speed Chess Q3"]
[Site "chess.com INT"]
[Date "2021.05.30"]
[Round "5"]
[White "Kulkarni, Bhakti"]
[Black "Assaubayeva, Bibisara"]
[Result "1-0"]
[WhiteTitle "IM"]
[BlackTitle "IM"]
[WhiteElo "2391"]
[BlackElo "2381"]
[WhiteFideId "5019516"]
[BlackFideId "13708694"]
[EventDate "2021.05.30"]

1. d4 Nf6 2. Nf3 g6 3. g3 Bg7 4. Bg2 O-O 5. O-O Nc6 6. c3 d5 7. Bf4 Ne4 8. Nbd2
Nxd2 9. Qxd2 Re8 10. Ne5 Nxe5 11. dxe5 c6 12. Rfd1 Qb6 13. e4 Be6 14. exd5 cxd5
15. Bxd5 Red8 16. c4 Rac8 17. b3 Bg4 18. Be3 Qc7 19. Qe1 Bxd1 20. Rxd1 Qxe5 21.
Bxa7 Qxe1+ 22. Rxe1 Ra8 23. Bb6 Rd7 24. a4 e6 25. Be4 Bd4 26. c5 Rc8 27. b4 Bc3
28. Rb1 f5 29. Bc2 Rd4 30. Bb3 Kf7 31. c6 Rxb4 32. cxb7 Rb8 33. Ba5 R8xb7 34.
Bxb4 Rxb4 35. a5 Rb8 36. Bxe6+ Kxe6 37. Rxb8 Bxa5 38. Rh8 h5 39. f3 Kf6 40. f4
Bb6+ 41. Kg2 Bd4 42. Kf3 Bc3 43. Rb8 Bd4 44. Rb7 Bg1 45. h3 Bd4 46. Rc7 Bg1 47.
Rc6+ Kf7 48. Ke2 Bd4 49. Rd6 Bc5 50. Ra6 Bd4 51. Kf3 Bc5 52. Ra5 Bd4 53. Rd5 Bb6
54. Ke2 Bg1 55. Rd1 Bc5 56. Kf3 Bb6 57. g4 hxg4+ 58. hxg4 fxg4+ 59. Kxg4 Bc5 60.
Rc1 Be7 61. Rc6 Bf6 62. Ra6 Be7 63. Ra7 Kf6 64. Kf3 Bc5 65. Rb7 Bd4 66. Ke4 Bc5
67. Rc7 Bd6 68. Rc6 Ke6 69. Ra6 Kd7 70. Ra7+ Ke6 71. Rb7 Kf6 72. Rb6 Ke6 73. Rb2
Kf6 74. Rc2 Ke6 75. Rc6 Kd7 76. Kd5 Bxf4 77. Rxg6 Kc7 78. Rg7+ Kb8 79. Kc6 Ka8
80. Kb6 Bb8 81. Ka6 Bd6 82. Kb6 Bb8 83. Rf7 Bd6 84. Ra7+ Kb8 85. Rd7 Bc7+ 86.
Rxc7 1-0

[Event "Women's Speed Chess Q3"]
[Site "chess.com INT"]
[Date "2021.05.30"]
[Round "5"]
[White "Frayna, Janelle Mae"]
[Black "Voit, Daria"]
[Result "0-1"]
[WhiteTitle "WGM"]
[BlackTitle "WGM"]
[WhiteElo "2179"]
[BlackElo "2360"]
[WhiteFideId "5212499"]
[BlackFideId "4182146"]
[EventDate "2021.05.30"]

1. d4 Nf6 2. c4 e6 3. Nc3 Bb4 4. f3 c5 5. d5 O-O 6. e4 b5 7. a3 Bxc3+ 8. bxc3
bxc4 9. Bxc4 exd5 10. Bxd5 Nxd5 11. Qxd5 Nc6 12. Ne2 Qa5 13. Bd2 Rb8 14. O-O Rb2
15. Rfd1 Re8 16. c4 Qa4 17. Nc3 Qb3 18. Nb5 Re5 19. Qd6 Qxc4 20. Bc3 Re6 21. Qc7
Re8 22. Bxb2 Qxb5 23. Rab1 Qe2 24. Qg3 g6 25. Qg5 Re6 26. Qxc5 h5 27. Qc3 Kf8
28. Qg7+ Ke7 29. Qc3 Ba6 30. Qc5+ Ke8 31. Re1 Qd3 32. Rbd1 Qb3 33. Qc3 Qb5 34.
Qd2 Qb7 35. Bd4 Ne7 36. Bf2 Nc6 37. Bh4 f6 38. Bf2 g5 39. Qd5 Ke7 40. Rb1 Qc7
41. Bg3 Qc8 42. Rec1 Be2 43. Re1 Ba6 44. Red1 Ke8 45. Bd6 Kf7 46. Qf5 Qg8 47. h4
gxh4 48. Qxh5+ Qg6 49. Qxg6+ Kxg6 50. Rbc1 f5 51. exf5+ Kxf5 52. Kf2 Re2+ 53.
Kg1 Ra2 54. Rd5+ Ke6 55. Rdd1 Be2 56. Bc5 Bxd1 57. Rxd1 Rc2 58. Bb4 d5 59. Re1+
Kd7 60. Rd1 Ke6 61. Re1+ Kd7 62. Rd1 d4 63. Kf1 Ke6 64. Bd2 Kd5 65. Bb4 a5 66.
Be1 a4 67. Bxh4 Rc3 68. Bf2 Rxa3 69. g4 Rxf3 70. Kg2 Rf4 71. Kg3 Re4 72. g5 Ne5
73. Bg1 d3 74. Kh3 a3 75. Bf2 Kc4 76. Bg3 Re3 77. Kh4 Nf3+ 78. Kh5 Nxg5 79. Bf4
Re2 80. Bxg5 a2 81. Bf6 Rf2 82. Be5 d2 83. Kg6 Kb3 84. Bd4 Re2 85. Kf5 Kc2 86.
Rh1 d1=Q 87. Rxd1 Kxd1 0-1

[Event "Women's Speed Chess Q3"]
[Site "chess.com INT"]
[Date "2021.05.30"]
[Round "6"]
[White "Vine, Elzbieta"]
[Black "Zakirova, Aisha"]
[Result "0-1"]
[WhiteTitle "WFM"]
[BlackTitle "WCM"]
[WhiteElo "2138"]
[BlackElo "1585"]
[WhiteFideId "1119320"]
[BlackFideId "13719734"]
[EventDate "2021.05.30"]

1. e4 c5 2. Nc3 Nc6 3. f4 g6 4. Nf3 Bg7 5. Bc4 e6 6. O-O Nge7 7. f5 exf5 8. d3
O-O 9. Bg5 Kh8 10. Qd2 Nd4 0-1

[Event "Women's Speed Chess Q3"]
[Site "chess.com INT"]
[Date "2021.05.30"]
[Round "6"]
[White "Mrudul, Dehankar"]
[Black "Vantika, Agrawal"]
[Result "0-1"]
[WhiteTitle "WIM"]
[BlackTitle "WIM"]
[WhiteElo "2256"]
[BlackElo "2286"]
[WhiteFideId "25096990"]
[BlackFideId "25050389"]
[EventDate "2021.05.30"]

1. e4 c5 2. Nf3 d6 3. d4 cxd4 4. Nxd4 Nf6 5. Nc3 a6 6. Bg5 e6 7. f4 h6 8. Bh4
Qb6 9. a3 Be7 10. Bf2 Qc7 11. Qf3 Nbd7 12. O-O-O b5 13. g4 Bb7 14. g5 hxg5 15.
fxg5 Ne5 16. Qe2 Nh5 17. Be3 g6 18. h4 Ng3 19. Qg2 Nxh1 20. Qxh1 Ng4 21. Bg1
Bxg5+ 0-1

[Event "Women's Speed Chess Q3"]
[Site "chess.com INT"]
[Date "2021.05.30"]
[Round "6"]
[White "Zaksaite, Salomeja"]
[Black "Jakubowska, Anna"]
[Result "1-0"]
[WhiteTitle "WIM"]
[BlackTitle "WIM"]
[WhiteElo "2202"]
[BlackElo "2073"]
[WhiteFideId "12801496"]
[BlackFideId "1121952"]
[EventDate "2021.05.30"]

1. g3 c6 2. Bg2 d5 3. b3 Nf6 4. Bb2 g6 5. e3 Bg7 6. Ne2 O-O 7. O-O Bf5 8. d3 Qd7
9. Nf4 Re8 10. d4 Ne4 11. Nd2 Nxd2 12. Qxd2 Na6 13. h3 g5 14. Nh5 Bxh3 15. e4
Bxg2 16. Qxg5 1-0

[Event "Women's Speed Chess Q3"]
[Site "chess.com INT"]
[Date "2021.05.30"]
[Round "6"]
[White "Marjanovic, Annamaria"]
[Black "Golubeva, Oksana"]
[Result "1-0"]
[WhiteTitle "WGM"]
[BlackTitle "WFM"]
[WhiteElo "2338"]
[BlackElo "2179"]
[WhiteFideId "750930"]
[BlackFideId "4170164"]
[EventDate "2021.05.30"]

1. c4 e6 2. g3 Nf6 3. Bg2 d5 4. Nf3 b6 5. O-O Bb7 6. b3 Nbd7 7. Bb2 g6 8. cxd5
Bxd5 9. Nc3 Bb7 10. d4 Bg7 11. Rc1 Ne4 12. Nb5 c6 13. Nc3 Nxc3 14. Bxc3 O-O 15.
Nd2 Rc8 16. Nc4 Qe7 17. Bb2 Rfd8 18. Ba3 c5 19. Bxb7 Rc7 20. Bg2 Nf6 21. e3 Rcd7
22. Ne5 Rd6 23. Nc6 Rxc6 24. Bxc6 h5 25. Qe2 Qd6 26. Bg2 h4 27. dxc5 Qe5 28.
cxb6 axb6 29. Bb2 Qg5 30. Bxf6 Bxf6 31. Rfd1 Rf8 32. Rc4 Qf5 33. Qf3 Qa5 34.
Qxf6 1-0

[Event "Women's Speed Chess Q3"]
[Site "chess.com INT"]
[Date "2021.05.30"]
[Round "6"]
[White "Dordzhieva, Dinara"]
[Black "Bommini, Mounika Akshaya"]
[Result "0-1"]
[WhiteTitle "WGM"]
[BlackTitle "WFM"]
[WhiteElo "2334"]
[BlackElo "2029"]
[WhiteFideId "24157570"]
[BlackFideId "25019872"]
[EventDate "2021.05.30"]

1. Nf3 d5 2. g3 Bg4 3. Bg2 Nd7 4. h3 Bh5 5. d4 c6 6. c4 e6 7. O-O Ngf6 8. cxd5
exd5 9. Qb3 Nb6 10. Nh4 Be7 11. Nf5 O-O 12. Nxe7+ Qxe7 13. Re1 Rfe8 14. Nc3 Qd6
15. Bf4 Qd7 16. Rac1 Rad8 17. Be5 Qf5 18. g4 Nxg4 19. hxg4 Bxg4 20. Bg3 Qh5 21.
e4 Re6 22. exd5 Rh6 23. Qc2 Bf3 24. Qd3 Qh1+ 25. Bxh1 Rxh1# 0-1

[Event "Women's Speed Chess Q3"]
[Site "chess.com INT"]
[Date "2021.05.30"]
[Round "6"]
[White "Kiolbasa, Oliwia"]
[Black "Linares Napoles, Oleiny"]
[Result "0-1"]
[WhiteTitle "WIM"]
[BlackTitle "WGM"]
[WhiteElo "2255"]
[BlackElo "2255"]
[WhiteFideId "1154613"]
[BlackFideId "3504794"]
[EventDate "2021.05.30"]

1. e4 d6 2. d4 g6 3. Nc3 Bg7 4. Be3 a6 5. Qd2 b5 6. O-O-O Bb7 7. f3 Nd7 8. h4 h5
9. Nh3 Rc8 10. Ng5 c5 11. dxc5 Nxc5 12. Nxb5 axb5 13. Bxb5+ Kf8 14. Bc4 Nh6 15.
Bd5 Qb6 16. Bd4 Bxd5 17. exd5 Nf5 18. Bxg7+ Kxg7 19. Rhe1 Na4 20. c3 Rb8 21. Re2
Rhc8 22. Rde1 Rxc3+ 0-1

[Event "Women's Speed Chess Q3"]
[Site "chess.com INT"]
[Date "2021.05.30"]
[Round "6"]
[White "Makhija, Aashna"]
[Black "Ziegenfuss, Antonia"]
[Result "0-1"]
[WhiteTitle "WIM"]
[BlackTitle "WFM"]
[WhiteElo "1969"]
[BlackElo "2157"]
[WhiteFideId "25011944"]
[BlackFideId "12962554"]
[EventDate "2021.05.30"]

1. e4 c5 2. c3 Nf6 3. e5 Nd5 4. Nf3 e6 5. Bc4 Nc6 6. O-O d6 7. d4 dxe5 8. dxe5
Be7 9. Qe2 Qc7 10. Rd1 Nb6 11. Bb3 Bd7 12. Bc2 O-O-O 13. a4 Na5 14. Be3 h5 15.
Nbd2 f6 16. exf6 gxf6 17. Rab1 Kb8 18. b4 cxb4 19. cxb4 Nac4 20. Bxb6 Nxb6 21.
a5 Nd5 22. Be4 Nc3 23. Qe3 Nxb1 24. Rxb1 Bb5 25. Nb3 f5 26. Nbd4 fxe4 27. Nxb5
Qc2 28. Rc1 Rd1+ 29. Ne1 Qxc1 30. Qxa7+ Kc8 31. Qa8+ Kd7 32. Qxb7+ Ke8 33. Qb8+
Kf7 0-1

[Event "Women's Speed Chess Q3"]
[Site "chess.com INT"]
[Date "2021.05.30"]
[Round "6"]
[White "Von Herman, Brigitte"]
[Black "Eswaran, Ashritha"]
[Result "0-1"]
[WhiteTitle "WFM"]
[BlackTitle "WIM"]
[WhiteElo "1991"]
[BlackElo "2244"]
[WhiteFideId "4628730"]
[BlackFideId "2080788"]
[EventDate "2021.05.30"]

1. e4 c5 2. c3 d5 3. exd5 Qxd5 4. d4 g6 5. Nf3 Bg7 6. dxc5 Qxc5 7. Na3 a6 8. Be3
Qc7 9. Nc4 Nd7 10. Qa4 b5 11. Qa5 Qxa5 12. Nxa5 Ngf6 13. Be2 O-O 14. Nc6 Re8 15.
O-O Bb7 16. Ncd4 Be4 17. Rfe1 Rac8 18. h3 Nc5 19. a3 Nd3 20. Bxd3 Bxd3 21. Rad1
Bc4 22. Ne5 Nd5 23. Nxc4 Rxc4 24. Bg5 Nf6 25. Re3 Rc5 26. Rde1 Rxg5 27. Rxe7
Rxe7 28. Rxe7 Bf8 29. Ra7 Nd5 30. Rxa6 Nf4 31. g3 Nd3 32. Rb6 Nxb2 33. Nxb5 Rc5
34. Nd4 Nc4 35. Rb8 Nxa3 36. Nf3 Kg7 37. h4 Rxc3 38. Kg2 Bd6 39. Nd4 Bxb8 0-1

[Event "Women's Speed Chess Q3"]
[Site "chess.com INT"]
[Date "2021.05.30"]
[Round "6"]
[White "Pham, Le Thao Nguyen"]
[Black "Zaichenko, Daria"]
[Result "1-0"]
[WhiteTitle "IM"]
[BlackTitle "WFM"]
[WhiteElo "2369"]
[BlackElo "2104"]
[WhiteFideId "12401226"]
[BlackFideId "4197453"]
[EventDate "2021.05.30"]

1. d4 d5 2. Nf3 Bf5 3. c4 Nf6 4. Nc3 e6 5. Qb3 b6 6. Bf4 c6 7. e3 Bd6 8. Bg3 O-O
9. Be2 Ne4 10. Nxe4 Bxe4 11. O-O Bxg3 12. hxg3 Nd7 13. Rac1 Rc8 14. Qa4 a5 15.
cxd5 cxd5 16. Bb5 Nf6 17. Ne5 Qe7 18. a3 Nh5 19. g4 Nf6 20. f3 Bg6 21. Qb3 h5
22. g5 Nh7 23. f4 Be4 24. Bd3 f6 25. Bxe4 dxe4 26. Ng6 Qb7 27. Qxe6+ Rf7 28.
Qxc8+ Qxc8 29. Rxc8+ Nf8 30. Rfc1 1-0

[Event "Women's Speed Chess Q3"]
[Site "chess.com INT"]
[Date "2021.05.30"]
[Round "6"]
[White "Ribeiro, Regina"]
[Black "Froewis, Annika"]
[Result "0-1"]
[WhiteTitle "WIM"]
[BlackTitle "WFM"]
[WhiteElo "1920"]
[BlackElo "2143"]
[WhiteFideId "2100681"]
[BlackFideId "1621432"]
[EventDate "2021.05.30"]

1. Nf3 e6 2. b3 d5 3. Bb2 Nf6 4. e3 Be7 5. c4 O-O 6. Be2 c5 7. O-O Nc6 8. d4 b6
9. cxd5 exd5 10. Nc3 Bf5 11. dxc5 Bxc5 12. Rc1 Rc8 13. Nb5 Ne4 14. Nbd4 Nxd4 15.
Nxd4 Bg6 16. Ba6 Rc7 17. Nb5 Rd7 18. a3 h5 19. b4 Bd6 20. Qd4 f6 21. Qxd5+ Kh7
22. Rfd1 Bxh2+ 23. Kxh2 Rxd5 24. Rxd5 Qxd5 25. Kg1 Qd2 0-1

[Event "Women's Speed Chess Q3"]
[Site "chess.com INT"]
[Date "2021.05.30"]
[Round "6"]
[White "Bivol, Alina"]
[Black "Gevorgyan, Maria"]
[Result "1-0"]
[WhiteTitle "WGM"]
[BlackTitle "WGM"]
[WhiteElo "2385"]
[BlackElo "2219"]
[WhiteFideId "4100123"]
[BlackFideId "13300270"]
[EventDate "2021.05.30"]

1. Nf3 Nf6 2. g3 g6 3. Bg2 Bg7 4. O-O O-O 5. d4 c5 6. dxc5 Qa5 7. Be3 Na6 8. a3
d6 9. b4 Nxb4 10. Bd2 dxc5 11. Bc3 Qb6 12. axb4 cxb4 13. Bd4 Qc7 14. Nbd2 Rd8
15. Qb1 a5 16. Nb3 Bf5 17. Nc5 b6 18. Nd3 Rac8 19. Qc1 Nd5 20. Bxg7 Kxg7 21. Nd4
Nc3 22. Nxf5+ gxf5 23. Qg5+ Kh8 24. Nf4 Qe5 25. e4 Nxe4 26. Bxe4 Qxe4 27. Rae1
Qf3 28. Rxe7 Rc6 29. Rxf7 Rg8 30. Qh4 h6 31. Qe7 1-0

[Event "Women's Speed Chess Q3"]
[Site "chess.com INT"]
[Date "2021.05.30"]
[Round "6"]
[White "Nomin-Erdene, Davaademberel"]
[Black "Bodnaruk, Anastasia"]
[Result "0-1"]
[WhiteTitle "IM"]
[BlackTitle "IM"]
[WhiteElo "2382"]
[BlackElo "2457"]
[WhiteFideId "4900782"]
[BlackFideId "4181751"]
[EventDate "2021.05.30"]

1. f4 d5 2. Nf3 g6 3. g3 Bg7 4. Bg2 Nf6 5. O-O O-O 6. d3 c5 7. c3 Nc6 8. Na3 Re8
9. Qe1 e5 10. fxe5 Nxe5 11. Nxe5 Rxe5 12. Bf4 Re8 13. Qf2 Ng4 14. Qxc5 Rxe2 15.
Rae1 Rxe1 16. Rxe1 Be6 17. Nb5 Qd7 18. h3 Nf6 19. Kh2 a6 20. Nd4 Rc8 21. Qb6 Re8
22. Nxe6 fxe6 23. Qf2 Nh5 24. Be3 e5 25. g4 Rf8 26. Qh4 Nf4 27. Bxf4 Rxf4 28.
Bf3 Rxf3 29. d4 e4 30. Re2 Qf7 31. Kg2 e3 32. Qd8+ Bf8 33. Qh4 h6 34. Qe1 Qf4
35. Qg1 Bd6 36. Kh1 Rxh3+ 0-1

[Event "Women's Speed Chess Q3"]
[Site "chess.com INT"]
[Date "2021.05.30"]
[Round "6"]
[White "Obregon Garcia, Roxangel"]
[Black "Frayna, Janelle Mae"]
[Result "0-1"]
[WhiteTitle "WIM"]
[BlackTitle "WGM"]
[WhiteElo "2167"]
[BlackElo "2179"]
[WhiteFideId "3520420"]
[BlackFideId "5212499"]
[EventDate "2021.05.30"]

1. d4 Nf6 2. Nf3 g6 3. Bf4 Bg7 4. e3 O-O 5. Nc3 d6 6. h4 c5 7. Be2 Nc6 8. Qd2
Qa5 9. O-O cxd4 10. exd4 Bf5 11. Rad1 Rad8 12. a3 e5 13. Bg5 exd4 14. Nxd4 Nxd4
15. Qxd4 Ne4 16. Qe3 Nxc3 17. bxc3 Rde8 18. Qf3 Bxc2 19. Rxd6 Be4 20. Qg3 Bxg2
21. Qxg2 Rxe2 22. c4 h6 23. Bf6 Qf5 24. Bxg7 Kxg7 25. Rd4 Rfe8 26. Rd5 R8e5 27.
Rxe5 Qxe5 28. Rd1 Re1+ 29. Rxe1 Qxe1+ 30. Kh2 Qe5+ 31. Kh3 Qc3+ 32. Kh2 Qxc4 33.
Qxb7 Qxh4+ 34. Kg2 Qd4 35. Qb5 h5 36. a4 h4 37. a5 Qg4+ 38. Kh2 h3 39. Qc5 Qg2# 0-1

[Event "Women's Speed Chess Q3"]
[Site "chess.com INT"]
[Date "2021.05.30"]
[Round "6"]
[White "Petrova, Irina"]
[Black "Nurmanova, Alua"]
[Result "0-1"]
[WhiteTitle "WIM"]
[BlackTitle "WFM"]
[WhiteElo "2110"]
[BlackElo "2008"]
[WhiteFideId "14124122"]
[BlackFideId "13729390"]
[EventDate "2021.05.30"]

1. e4 c5 2. Nf3 d6 3. Bb5+ Bd7 4. Bxd7+ Nxd7 5. c4 Ngf6 6. d3 g6 7. Nc3 Bg7 8.
O-O O-O 9. h3 a6 10. Be3 e6 11. d4 Qc7 12. d5 exd5 13. exd5 Rfe8 14. Bf4 Rab8
15. a4 Ne4 16. Nxe4 Rxe4 17. Bg3 Rxc4 18. Qe2 Rb4 19. Rae1 Bf8 20. Ng5 Nf6 21.
Rd1 h6 22. Nf3 Re4 23. Qc2 Rbe8 24. Bh4 Bg7 25. Rfe1 Rxe1+ 26. Rxe1 Rxe1+ 27.
Nxe1 Nxd5 28. Qe4 Nf6 29. Bxf6 Bxf6 30. Qe8+ Kg7 31. Nf3 Qe7 32. Qc8 Bxb2 33. g3
d5 34. Kg2 d4 35. Qg4 d3 36. Qc4 Qd6 37. Qb3 Bf6 38. Qd1 c4 39. Nd2 Qd5+ 40. Kf1
c3 0-1

[Event "Women's Speed Chess Q3"]
[Site "chess.com INT"]
[Date "2021.05.30"]
[Round "6"]
[White "Padmini, Rout"]
[Black "Nguyen, Thi Mai Hung"]
[Result "1-0"]
[WhiteTitle "IM"]
[BlackTitle "WGM"]
[WhiteElo "2370"]
[BlackElo "2254"]
[WhiteFideId "5029295"]
[BlackFideId "12401676"]
[EventDate "2021.05.30"]

1. e4 c5 2. Nf3 Nc6 3. c3 g6 4. d4 cxd4 5. cxd4 d5 6. e5 Bg4 7. Be3 e6 8. Nbd2
Qa5 9. Be2 Nge7 10. O-O Nf5 11. h3 Bxf3 12. Nxf3 Be7 13. Bd2 Qb6 14. Bc3 h5 15.
a4 O-O 16. a5 Qc7 17. Qd2 a6 18. g4 hxg4 19. hxg4 Ng7 20. Kg2 f5 21. Rh1 Kf7 22.
Ng5+ Bxg5 23. Qxg5 Rh8 24. Qf6+ Kg8 25. Qxg6 Ne7 26. Rxh8+ Kxh8 27. Rh1+ Kg8 28.
Qh7+ Kf7 29. g5 Kf8 30. Bh5 Ng8 31. Qg6 Qe7 32. Be2 1-0

[Event "Women's Speed Chess Q3"]
[Site "chess.com INT"]
[Date "2021.05.30"]
[Round "6"]
[White "Nguyen, Hong Anh"]
[Black "Batsiashvili, Nino"]
[Result "1-0"]
[WhiteTitle "WIM"]
[BlackTitle "GM"]
[WhiteElo "1993"]
[BlackElo "2491"]
[WhiteFideId "12406732"]
[BlackFideId "13602993"]
[EventDate "2021.05.30"]

1. d4 f5 2. c4 Nf6 3. g3 g6 4. Bg2 Bg7 5. c5 O-O 6. Qb3+ e6 7. Bxb7 Bxb7 8. Qxb7
Nc6 9. Nf3 Ne4 10. Be3 Rb8 11. Qa6 Rxb2 12. O-O d6 13. Qxc6 g5 14. cxd6 cxd6 15.
Qc4 f4 16. Qxe6+ Kh8 17. Qxe4 fxe3 18. Qxe3 g4 19. Nfd2 Qb6 20. Nc4 Qxd4 21.
Nxb2 Qxb2 22. Nd2 Bd4 23. Qe7 Rxf2 24. Rxf2 Qxa1+ 25. Nf1 Bxf2+ 26. Kxf2 Qd4+
27. Ne3 Kg8 28. Qe8+ Kg7 29. Kg2 Qc5 30. Qd7+ Kg6 31. Qe6+ Kg5 32. Qxg4+ Kf6 33.
Qf3+ Ke5 34. Qf5+ Kd4 35. Qxc5+ Kxc5 36. Nf5 d5 37. Kf3 d4 38. Ke4 1-0

[Event "Women's Speed Chess Q3"]
[Site "chess.com INT"]
[Date "2021.05.30"]
[Round "6"]
[White "Cori T., Deysi"]
[Black "Dworakowska, Joanna"]
[Result "1-0"]
[WhiteTitle "WGM"]
[BlackTitle "IM"]
[WhiteElo "2388"]
[BlackElo "2322"]
[WhiteFideId "3801934"]
[BlackFideId "1107445"]
[EventDate "2021.05.30"]

1. d4 f5 2. Nf3 Nf6 3. b3 d6 4. Bb2 g6 5. Nbd2 Bg7 6. e3 a6 7. Be2 b5 8. a4 Bb7
9. axb5 axb5 10. Bxb5+ Nbd7 11. Bc4 Ne4 12. Nxe4 fxe4 13. Ng5 Bf6 14. Bf7+ Kf8
15. Ne6+ Kxf7 16. Nxd8+ Rhxd8 17. O-O h5 18. Qe2 Kg7 19. c4 Kh7 20. h3 Rg8 21.
Rxa8 Rxa8 22. Ra1 Rb8 23. Ra7 Nf8 24. Qc2 Bg7 25. d5 Bxb2 26. Qxb2 Nd7 27. Qd4
Nf6 28. b4 Kg7 29. g3 Kf7 30. Kg2 g5 31. b5 h4 32. b6 c5 33. Qa1 Bc8 34. Rc7
hxg3 35. fxg3 Bd7 36. b7 Rh8 37. g4 1-0

[Event "Women's Speed Chess Q3"]
[Site "chess.com INT"]
[Date "2021.05.30"]
[Round "6"]
[White "Vargas, Gabriela"]
[Black "Narva, Regina"]
[Result "1-0"]
[WhiteTitle "WIM"]
[BlackTitle "WFM"]
[WhiteElo "2170"]
[BlackElo "1901"]
[WhiteFideId "3700860"]
[BlackFideId "4500237"]
[EventDate "2021.05.30"]

1. d4 Nf6 2. Nf3 g6 3. c3 Bg7 4. Bg5 d6 5. Nbd2 c5 6. dxc5 dxc5 7. e4 Nc6 8. Bc4
O-O 9. O-O Bg4 10. Qe2 Ne5 11. Bb3 c4 12. Bc2 Nd3 13. Nxc4 Bxf3 14. Qxd3 Qxd3
15. Bxd3 Bxe4 16. Bxe4 Nxe4 17. Bxe7 Rfe8 18. Ba3 Rac8 19. Ne3 f5 20. Rfd1 f4
21. Nd5 Bh6 22. f3 Ng5 23. Nf6+ Kf7 24. Nxe8 Rxe8 25. Re1 Rd8 26. Re7+ Kf6 27.
Rae1 Rd2 28. h4 Nf7 29. R1e6+ Kg7 30. Rxb7 g5 31. Ree7 Rd1+ 32. Kh2 gxh4 33.
Rxf7+ Kg6 34. Rfd7 Bg5 35. Rxd1 Bf6 36. Rd6 Kf5 37. Kh3 h5 38. Rf7 1-0

[Event "Women's Speed Chess Q3"]
[Site "chess.com INT"]
[Date "2021.05.30"]
[Round "6"]
[White "Mordido, Kylen Joy"]
[Black "Swati, Mohota"]
[Result "1/2-1/2"]
[WhiteTitle "WIM"]
[BlackTitle "WFM"]
[WhiteElo "2014"]
[BlackElo "2027"]
[WhiteFideId "5219086"]
[BlackFideId "5006511"]
[EventDate "2021.05.30"]

1. c4 e6 2. Nf3 Nf6 3. g3 Be7 4. Bg2 d5 5. O-O O-O 6. d4 c6 7. Nc3 Nbd7 8. b3 b6
9. Bb2 Ba6 10. cxd5 cxd5 11. Rc1 Rc8 12. Ne5 Nxe5 13. dxe5 Nd7 14. f4 Bc5+ 15.
Kh1 Be3 16. Rc2 d4 17. Ne4 Rxc2 18. Qxc2 Qc8 19. Qb1 Bxe2 20. Re1 Ba6 21. Ng5 g6
22. Qd1 Qc7 23. Bxd4 Bxd4 24. Qxd4 Bb7 25. Bxb7 Qxb7+ 26. Ne4 Nc5 27. Kg1 Nxe4
28. Rxe4 Rc8 29. Re2 Rc1+ 30. Kf2 Qh1 31. Qd8+ Kg7 32. Qf6+ Kg8 33. Qd8+ Kg7 34.
Qf6+ Kg8 35. Qd8+ 1/2-1/2

[Event "Women's Speed Chess Q3"]
[Site "chess.com INT"]
[Date "2021.05.30"]
[Round "6"]
[White "Assaubayeva, Bibisara"]
[Black "Sliwicka, Alicja"]
[Result "1/2-1/2"]
[WhiteTitle "IM"]
[BlackTitle "WIM"]
[WhiteElo "2381"]
[BlackElo "2346"]
[WhiteFideId "13708694"]
[BlackFideId "1150677"]
[EventDate "2021.05.30"]

1. d4 Nf6 2. c4 c5 3. d5 g6 4. Nc3 Bg7 5. e4 d6 6. Bd3 e6 7. h3 exd5 8. exd5 O-O
9. Nf3 a6 10. a4 Re8+ 11. Be3 Nbd7 12. O-O Ne5 13. Nxe5 Rxe5 14. Bf4 Re8 15. Qf3
Nh5 16. Bh2 f5 17. Rfe1 Be5 18. Re2 Bxh2+ 19. Kxh2 Bd7 20. Rae1 Qf6 21. g3 Rxe2
22. Rxe2 Re8 23. Rxe8+ Bxe8 24. Qe2 Kf8 25. f4 Bd7 26. Qe3 h6 27. Kg2 g5 28.
fxg5 hxg5 29. Be2 Be8 30. Bxh5 Bxh5 31. b3 f4 32. Qd2 f3+ 33. Kf2 Bg6 34. Qe3
Kg7 35. Qxf3 Qd4+ 36. Qe3 Qf6+ 37. Kg2 Qf5 38. Ne2 Qc2 39. Kf2 Qf5+ 40. Kg2 Qc2
41. Kf1 Qf5+ 42. Kg2 1/2-1/2

[Event "Women's Speed Chess Q3"]
[Site "chess.com INT"]
[Date "2021.05.30"]
[Round "6"]
[White "Tanishka, Kotia"]
[Black "Mohota, Nisha"]
[Result "1-0"]
[WhiteTitle "WFM"]
[BlackTitle "IM"]
[WhiteElo "1849"]
[BlackElo "2195"]
[WhiteFideId "25005600"]
[BlackFideId "5004330"]
[EventDate "2021.05.30"]

1. e4 Nf6 2. e5 Nd5 3. c4 Nb6 4. d4 d6 5. f4 g6 6. Nf3 Bg7 7. Be3 O-O 8. Be2
dxe5 9. fxe5 Be6 10. d5 Bg4 11. Bd4 c5 12. Bxc5 N6d7 13. Bd4 Bxf3 14. gxf3 Nxe5
15. Nc3 e6 16. Qd2 Nbd7 17. O-O-O Rc8 18. b3 exd5 19. Nxd5 Re8 20. f4 Nc6 21.
Bxg7 Kxg7 22. Qc3+ f6 23. h4 Rxe2 24. Nxf6 Qxf6 25. Rxd7+ Ne7 26. Qd3 Qa1+ 27.
Qb1 Qc3+ 28. Kd1 Re3 29. Qc2 1-0

[Event "Women's Speed Chess Q3"]
[Site "chess.com INT"]
[Date "2021.05.30"]
[Round "6"]
[White "Grigoryan, Meri"]
[Black "Zhuravleva, Olga"]
[Result "1-0"]
[WhiteTitle "WFM"]
[BlackTitle "WIM"]
[WhiteElo "2044"]
[BlackElo "2278"]
[WhiteFideId "13300571"]
[BlackFideId "4145933"]
[EventDate "2021.05.30"]

1. d4 g6 2. c4 Bg7 3. Nc3 d6 4. e4 Nc6 5. Be3 e5 6. d5 Nce7 7. Be2 f5 8. exf5
gxf5 9. Bg5 Nf6 10. Bh5+ Ng6 11. h4 Qe7 12. Nh3 Bd7 13. Qe2 Qf7 14. Bxg6 hxg6
15. O-O-O O-O-O 16. Qe3 Kb8 17. Nb5 Bxb5 18. cxb5 Nxd5 19. Qb3 c6 20. Bxd8 Rxd8
21. bxc6 Qc7 22. Rxd5 Qxc6+ 23. Kb1 Rc8 24. Rdd1 e4 25. Rc1 Qd7 26. Rxc8+ Qxc8
27. Rc1 Qf8 28. Qc4 a6 29. Qc7+ Ka7 30. Ng5 Qf6 31. Qc2 Qd4 32. f3 e3 33. Ne6
Qe5 34. Nxg7 Qxg7 35. Qe2 f4 36. Rc3 Qd4 37. Rd3 Qc5 38. Qd1 Qa5 39. Rxd6 Qb4
40. Qd4+ Qxd4 41. Rxd4 1-0

[Event "Women's Speed Chess Q3"]
[Site "chess.com INT"]
[Date "2021.05.30"]
[Round "6"]
[White "Chu, Ruotong"]
[Black "Berend, Elvira"]
[Result "0-1"]
[WhiteTitle "WIM"]
[BlackTitle "WGM"]
[WhiteElo "2207"]
[BlackElo "2326"]
[WhiteFideId "8605653"]
[BlackFideId "4000510"]
[EventDate "2021.05.30"]

1. d4 Nf6 2. g3 g6 3. Bg2 Bg7 4. Nf3 d6 5. O-O O-O 6. c4 Nc6 7. d5 Na5 8. Nbd2
c5 9. a3 Ng4 10. Rb1 b6 11. b4 Nb7 12. Bb2 cxb4 13. Bxg7 Kxg7 14. a4 a5 15. Ne4
Bf5 16. Qd4+ Kg8 17. h3 Nf6 18. Nxf6+ exf6 19. e4 Bd7 20. Nd2 Nc5 21. Ra1 Nxa4
22. f4 Nc5 23. e5 fxe5 24. fxe5 dxe5 25. Qxe5 Qe8 26. Qf6 Qe3+ 27. Rf2 a4 28.
Kh2 b3 29. d6 Rae8 30. Bd5 Be6 31. Bxe6 Rxe6 0-1